00395 2200157 4500001002100000008004100021035002000062245002900082100001600111260003200127300002200159020002200181084001400203082000800217990001200225INLIS000000000002806 IND  a0010-0925000153 aHanya CintacRisna Utami aRisna Utami aJakartabRumah Oranyec2013 a280c(13 x 19 cm) a978-602-1588-04-8 a813 RIS h a813 a0755028